Mario Superstar Baseball Characters - Statistics

General Stats
  • This quiz has been taken 27 times
  • The average score is 27 of 32
Answer Stats
Hint Answer % Correct
Speed Baby Luigi
100%
Speed Baby Mario
100%
Technique Boo
100%
Power Bowser
100%
Power Bowser Jr
100%
Power King Boo
100%
Balance Luigi
100%
Balance Mario
100%
Balance Daisy
95%
Speed Diddy Kong
95%
Power Donkey Kong
95%
Balance Goomba
95%
Technique Peach
95%
Technique Waluigi
95%
Power Wario
95%
Balance Toad
90%
Speed Yoshi
90%
Balance Koopa Troopa
86%
Speed Toadette
86%
Balance Birdo
81%
Balance Shy Guy
81%
Technique Dry Bones
76%
Power Hammer Bro
71%
Technique Paratroopa
71%
Technique Toadsworth
71%
Technique Dixie Kong
67%
Speed Monty Mole
67%
Power Pianta
62%
Speed Paragoomba
57%
Technique Magikoopa
52%
Speed Noki
52%
Power Petey Pirahna
33%
No matching quizzes found
Score Distribution
Percent of People with Each Score
Percentile by Number Answered
Your Score History
You have not taken this quiz